| 000 | 01051nam a2200277 a 4500 | ||
|---|---|---|---|
| 001 | BRCA_4152 | ||
| 005 | 20190320204550.0 | ||
| 008 | 160410s1950----sz-a######---#000-0#fre-# | ||
| 041 | _afre | ||
| 044 | _asz | ||
| 050 | 4 |
_aNK7130 _b.M88 1 _c1950 |
|
| 100 | 1 |
_aMuthmann, Friedrich _910725 |
|
| 245 | 1 | 0 |
_aL´Argenterie Hispano-Sudaméricaine a l´Epoque Coloniale _bessai sur la Collection du Musee d´Etnographie de la Ville de Geneve suivi d´un Catalogue Complet et Raisonne _cFriedrich Muthmann ; preface du Eugene Pittard. |
| 260 |
_aGinebra, Suiza _bTrois Collines _c1950 |
||
| 300 |
_a179 p. _bil., 40 láminas _c27 cm. |
||
| 440 | 0 |
_aDocuments d´Art et d´Etnographie _v1 _910726 |
|
| 500 | _aC182 | ||
| 500 | _aEjemplar igual a G54, X30, Y18 y Y199 | ||
| 500 | _aIncluye tabla de materias y tabla de ilustraciones | ||
| 610 | 2 | 4 |
_aMuseo Etnográfico (Ginebra) _910727 |
| 650 | 1 | 4 |
_aPlatería _zAmérica del Sur _99212 |
| 650 | 1 | 4 |
_aGalerías y museos _zSuiza _910728 |
| 700 | 1 |
_aPittard, Eugene _910729 |
|
| 902 | _aGFM | ||
| 942 |
_2lcc _cB |
||
| 999 |
_c3868 _d3868 |
||